| 000 | 00920cam a2200325 a 4500 | ||
|---|---|---|---|
| 001 | 13076 | ||
| 003 | DO-SdBNP | ||
| 005 | 20180118104228.0 | ||
| 007 | 13076 | ||
| 008 | 970818s2008 ag a 000 0 spa | ||
| 010 | _a | ||
| 020 | _a9789870400738 | ||
| 040 |
_aBPMSU _cspa _6BPMSU |
||
| 050 | 0 | 0 |
_a _b |
| 082 |
_aA863.6 _bS338c |
||
| 100 | 1 |
_aSchlaen, Carlos. _c1946-. |
|
| 245 | 1 | 3 |
_aEl caso del videojuego / _cCarlos Schlaen ; dibujos de Carlos Schlaen. |
| 250 | _a2a. ed. 3a.reimpr | ||
| 260 |
_aBuenos Aires : _bAlfaguara, _c2008 |
||
| 300 |
_a91 p. : _bil ; _c21 cm. |
||
| 490 | 1 | _aAlfaguara juvenil | |
| 500 | _aReimpresión 2008 | ||
| 650 | _aNOVELA JUVENIL ARGENTINA | ||
| 650 | _aLITERATURA JUVENIL ARGENTINA | ||
| 650 |
_aVIDEOJUEGOS _vNOVELA JUVENIL |
||
| 830 | 0 | _aAlfaguara juvenil | |
| 942 |
_2ddc _cBK |
||
| 945 | _aInventariado, 2018/LP | ||
| 956 |
_aVMATEO _b10 _c20161103 _dBPMSU _f0069 |
||
| 999 |
_c11769 _d11769 |
||